What will happen to financial markets when the baby boomers retire?

Uložené v:
Podrobná bibliografia
Hlavný autor: Brooks, Robin
Médium: Kniha
Jazyk:English
Vydavateľské údaje: Washington International Monetary Fund 2000
Edícia:IMF Working Paper WP/00/18
Predmet:
Tagy: Pridať tag
Žiadne tagy, Buďte prvý, kto otaguje tento záznam!

MARC

LEADER 00000nam a2200000 4500
001 c124138
005 20221221083928.4
041 0 |a eng 
044 |a US 
245 1 0 |a What will happen to financial markets when the baby boomers retire?  |c Robin Brooks 
264 1 |a Washington  |b International Monetary Fund  |c 2000 
300 |a 36 s. 
490 1 |a IMF Working Paper  |v WP/00/18 
830 0 |a IMF Working Paper  |v WP/00/18 
610 2 0 |a penzie 
610 2 0 |a dôchodcovia 
610 2 0 |a dôchodky starobné 
610 2 0 |a výdavky verejné 
610 2 0 |a trh finančný 
610 2 0 |a mládež 
610 2 0 |a populácia 
610 2 0 |a reformy sociálne 
100 1 |a Brooks, Robin